Lịch sử và lí thuyết xã hội học
সংরক্ষণ করুন:
| প্রধান লেখক: | |
|---|---|
| বিন্যাস: | গ্রন্থ |
| প্রকাশিত: |
Hà Nội
Đại học Quốc gia
|
| বিষয়গুলি: | |
| ট্যাগগুলো: |
ট্যাগ যুক্ত করুন
কোনো ট্যাগ নেই, প্রথমজন হিসাবে ট্যাগ করুন!
|
| Thư viện lưu trữ: | Trung tâm Học liệu Lê Vũ Hùng, Trường Đại học Đồng Tháp |
|---|
| LEADER | 00767pam a22002538a 4500 | ||
|---|---|---|---|
| 001 | 00039231 | ||
| 005 | 20171026081025.0 | ||
| 008 | 170518s ||||||Viesd | ||
| 041 | 0 | # | |a Vie |
| 082 | 1 | 4 | |a 309 |b L302S |
| 100 | 1 | # | |a Lê, Ngọc Hùng |
| 245 | 1 | 0 | |a Lịch sử và lí thuyết xã hội học |c Lê Ngọc Hùng |
| 260 | # | # | |a Hà Nội |b Đại học Quốc gia |
| 300 | # | # | |a 192tr. |c 24cm |
| 653 | # | # | |a Lý thuyết |
| 653 | # | # | |a Xã hội học |
| 653 | # | # | |a Lịch sử |
| 852 | # | # | |b Kho mượn |j KM.0022496 |
| 852 | # | # | |b Kho đọc |j KD.0021660 |
| 852 | # | # | |j KD.0021660 |j KM.0022496 |
| 910 | |d 18/05/2017 | ||
| 980 | # | # | |a Trung tâm Học liệu Lê Vũ Hùng, Trường Đại học Đồng Tháp |